| 000 | 00757nam a22002417a 4500 | ||
|---|---|---|---|
| 003 | LK-CoDNM | ||
| 005 | 20241029114902.0 | ||
| 008 | 241015b |||||||| |||| 00| 0 eng d | ||
| 040 |
_aLK-CoDNM _dLK-CoDNM _eLK-CoDNM |
||
| 041 | _asin | ||
| 080 |
_aප්ර.ල _b4.7 |
||
| 245 |
_aලක්මිණිපහන-1907 _b25 කාණ්ඩය 35 පත්රය |
||
| 260 |
_aකොළඹ _bවෙළද ප්රදාශය _c1907 |
||
| 300 | _b4p. ; 44 cm | ||
| 500 | _aNewspaper | ||
| 650 | _aලක්මිණිපහන-1907 | ||
| 650 | _a25 කාණ්ඩය 35 පත්රය | ||
| 650 | _aNewspaper | ||
| 650 | _aප්ර.ල 4.7 | ||
| 650 | _a1907 | ||
| 650 | _aවෙළද ප්රදාශය | ||
| 942 | _cBK | ||
| 999 |
_c224314 _d224314 |
||